000 01218nam a2200337 c 4500
001 5774
003 ES-MaCES
005 20150929135402.0
008 970915s1990 fr o ||| | fre d
035 _aCES19980058205m
040 _aES-MaCES
_bspa
_cES-MaCES
041 0 _afre
_aeng
111 2 _aColloque 'La participation des femmes à la prise de décision en Europe' = Conference 'Participation of women in decision making in Europe'
_9240
245 1 3 _aLa participation des femmes à la prise de décision en Europe
_b: colloque = Participation of women in decision making in Europe : conference
260 _a[S.l.]
_bConfédération européenne des cadres
_c[199-?]
300 _a[44] p.
_bfot.
_c30 cm
500 _aTexto en francés e inglés
541 _cGratuito
650 4 _amujeres
_928657
650 4 _atoma de decisiones
_928194
650 4 _agerente
_928190
650 4 _aorganización institucional
_927196
650 4 _asindicalismo
_929453
650 4 _aconferencia
_927013
653 1 0 _aMujer
650 4 _926752
_aUE
710 2 _aConfédération européenne des cadres
_eed.
_92289
902 _aLIB Libro
942 _2CES
_cBK
_h3.3.
999 _c5774
_d5774